La argumentación en el discurso : práctica de análisis y escritura /
Guardado en:
| Otros Autores: | , |
|---|---|
| Formato: | Libro |
| Publicado: |
Bahía Blanca :
Ediuns,
2012
|
| Materias: | |
| Etiquetas: |
Agregar Etiqueta
Sin Etiquetas, Sea el primero en etiquetar este registro!
|
| LEADER | 00724nam a22002175a 4500 | ||
|---|---|---|---|
| 001 | EHU.bham044341 | ||
| 003 | AR-BHAM | ||
| 005 | 20161020115400.0 | ||
| 008 | 130507s2012##################000#0#####d | ||
| 020 | |a 9789871620975 | ||
| 082 | 4 | 0 | |a 401 |
| 245 | 0 | 0 | |a La argumentación en el discurso : |b práctica de análisis y escritura / |c Coord. Por Patricia Vallejos : |
| 260 | |a Bahía Blanca : |b Ediuns, |c 2012 | ||
| 300 | |a 80 p. | ||
| 653 | |a Lingüística | ||
| 653 | |a Argumentación | ||
| 653 | |a Discurso | ||
| 700 | 1 | |a Castro Fox, Guillermina | |
| 700 | 1 | |a Vallejos, Patricia, coord. | |
| 859 | |a AR-BHAM |b BIB. HUMANIDADES - General |h 401 |i V462-1 |p 538.16 |t Ej.1 | ||
| 859 | |a AR-BHAM |b BIB. HUMANIDADES - General |h 401 |i V462-1 |p 539.16 |t Ej.2 | ||
